01018nam a2200229Ia 4500003000400000005001700004008004100021020001500062040000900077082001900086100002700105245007200132250001200204260006600216300000900282650001600291942004400307952014000351952014000491952014000631999001700771OSt20200803104805.0190216s9999||||xx |||||||||||||| ||und|| a0852267223 coclc a515.353bPRA/P aPrasad, Phoolan 93900 0aPartial Differential Equations /cPhoolan Prasad ; Renuka Ravindran a1st Ed. bWiley Eastern Ltd,bNew Age International,c1985.aNew Delhi: a252p aMathematics cBK2ddch515.353iPRA/Pk515.353mPRA/P 00102ddc40708MATHEMATICSaMESbMEScMATd2019-02-20g25.50l0o515.353 PRA/Pp15920r2019-02-20 00:00:00t1w2019-02-20yBKzGL24R4 00102ddc40708MATHEMATICSaMESbMEScMATd2019-02-20g85.00l0o515.353 PRA/Pp23568r2019-02-20 00:00:00t2w2019-02-20yBKzGL24R4 00102ddc40708MATHEMATICSaMESbMEScMATd2019-02-20g85.00l0o515.353 PRA/Pp23569r2019-02-20 00:00:00t3w2019-02-20yBKzGL24R4 c30883d30883